| 000 | 01043nam0a22003011 4500 | ||
|---|---|---|---|
| 001 | rc\2274305 | ||
| 005 | 20110829191202.5 | ||
| 035 | _a(NLR Aleph) 006554643 | ||
| 090 |
_a6778041 _c6778041 |
||
| 100 | _a20110829d1979 |||y0rusy50 ca | ||
| 101 | 0 | _arus | |
| 102 | _aRU | ||
| 105 | _aa z ||||| | ||
| 200 | 1 |
_aТеория электроцепей. Анализ цепей в стационарном режиме _eКонспект лекций |
|
| 210 |
_aВильнюс _cБ. и. _d1979 |
||
| 215 |
_a189 с. _cил. _d20 |
||
| 300 | _aВ надзаг.: Вильн. высш. команд. уч-ще радиоэлектроники противовоздуш. обороны | ||
| 606 |
_aРадиоцепи _2psbo |
||
| 606 |
_aЭлектрическик цепи _2psbo |
||
| 686 |
_aз211я73-2 _2rubbk |
||
| 700 | 1 |
_aВласко _bН. П. |
|
| 801 | 0 |
_aRU _bNLR _gpsbo |
|
| 801 | 1 |
_aRU _bELAR _2rusmarc |
|
| 852 |
_aNLR _j79-3/7935 |
||
| 899 |
_aRuMoRGB _jВ 79-39/11 |
||
| 899 |
_aRuMoRGB _jВ 79-39/12 |
||
| 942 | _cBOOK | ||
| 980 | _aNB | ||